Santander y el congreso de 1824 : (Registro nro. 56381)

Detalles MARC
000 -CABECERA
Longitud fija campo de control 00907nam a2200253Ii 4500
005 - FECHA Y HORA DE LA ULTIMA TRANSACCION
Fecha y hora de la última transacción 20260205160354.0
008 - CODIGOS DE INFORMACION DE LONGITUD FIJA
Códigos de información de longitud fija 241108s9999||||xx |||||||||||||| ||und||
020 ## - NUMERO INTERNACIONAL NORMALIZADO PARA LIBROS
Número Internacional Normalizado para Libros (ISBN) 9586430006
040 ## - FUENTE DE LA CATALOGACION
Centro catalogador de origen CO-ViMGA
Lengua de catalogación spa
Normas de descripción rda
Centro transcriptor CO-ViMGA
082 04 - NUMERO DE LA CLASIFICACION DECIMAL DEWEY
Número de clasificación (R) 986.105
Número del ítem S168s
Número de edición 23
245 10 - TITULO PROPIAMENTE DICHO
Título Santander y el congreso de 1824 :
Resto del título actas y correspondencia
Mención de responsabilidad, etc. prólogo de Ocampo López
264 #1 - PRODUCCION, PUBLICACION , DISTRIBUCION, FABRICACION Y COPYRIGHT
Lugar de producción, publicación, distribución, fabricación Bogotá, Colombia :
Nombre del productor, editor, distribuidor, fabricante Fundación Francisco de Paula Santander,
Fecha de de producción, publicación, distribución, fabricación o copyright 1989
300 ## - DESCRIPCION FISICA
Extensión 2 tomos
Dimensiones 24 cm.
336 ## - TIPO DE CONTENIDO
Término de tipo de contenido texto
Código de tipo de contenido txt
Fuente rdacontenido
337 ## - TIPO DE MEDIO
Nombre del tipo de medio no mediado
Código del tipo de medio n
Fuente rdamedio
338 ## - TIPO DE SOPORTE
Nombre del tipo de soporte volumen
Código del tipo de soporte nc
Fuente rdasoporte
505 ## - NOTA DE CONTENIDO CON FORMATO
Nota de contenido con formato Tomo IV . Tomo V.
651 #4 - PUNTO DE ACCESO ADICIONAL DE MATERIA - NOMBRE GEOGRAFICO
Nombre geográfico Colombia
Subdivisión de materia general Administración pública
Subdivisión cronológica 1824.
651 #4 - PUNTO DE ACCESO ADICIONAL DE MATERIA - NOMBRE GEOGRAFICO
Nombre geográfico Colombia
Subdivisión de materia general Historia
Subdivisión cronológica 1824
651 #4 - PUNTO DE ACCESO ADICIONAL DE MATERIA - NOMBRE GEOGRAFICO
Nombre geográfico Colombia
Subdivisión cronológica Política y gobierno
Subdivisión de forma 1824
710 12 - PUNTO DE ACCESO ADICIONAL - NOMBRE DE ENTIDAD
Nombre de entidad o nombre de jurisdicción como elemento inicial Fundación Francisco de Paula Santander
942 ## - ENTRADA DE ELEMENTOS AGREGADOS (KOHA)
Koha [por defecto] tipo de item LIbro
Fuente de clasificaión o esquema Dewey Decimal Classification
Existencias
Perdido Fuente de clasificación o esquema Estado Físico No para préstamo Forma de adquisición Localización permanente Localización actual Localización en estanterías Fecha adquisición Serie de enumeración / cronolog&íacute;a Signatura completa Código de barras Fecha última consulta Número de copia Fecha del precio de reemplazo Tipo de item de Koha Note pública
  Dewey Decimal Classification     Sala General Biblioteca Pública Departamental Eduardo Carranza - Villavicencio Biblioteca Pública Departamental Eduardo Carranza - Villavicencio General 11/27/2006 Vol.5 986.105 S168s ECA7561 11/26/2024 Ej.1 11/26/2024 LIbro 7379 | 10401
        Sala General Biblioteca Pública Departamental Eduardo Carranza - Villavicencio Biblioteca Pública Departamental Eduardo Carranza - Villavicencio General 11/27/2006 Vol.1 986.105-S168s ECA7557 11/26/2024 Ej.1 11/26/2024 LIbro 7379 | 10397
        Sala General Biblioteca Pública Departamental Eduardo Carranza - Villavicencio Biblioteca Pública Departamental Eduardo Carranza - Villavicencio General 11/27/2006 Vol.1 986.105-S168s ECA7558 11/26/2024 Ej.1 11/26/2024 LIbro 7379 | 10398
        Sala General Biblioteca Pública Departamental Eduardo Carranza - Villavicencio Biblioteca Pública Departamental Eduardo Carranza - Villavicencio General 11/27/2006 Vol.1 986.105-S168s ECA7559 11/26/2024 Ej.1 11/26/2024 LIbro 7379 | 10399
  Dewey Decimal Classification     Sala General Biblioteca Pública Departamental Eduardo Carranza - Villavicencio Biblioteca Pública Departamental Eduardo Carranza - Villavicencio General 11/27/2006 Vol.4 986.105 S168s ECA7560 11/26/2024 Ej.1 11/26/2024 LIbro 7379 | 10400









Instituto Departamental de Cultura del Meta - Red Departamental de Bibliotecas Públicas del Meta.